000 01024cab a22002055a 4500
001 L145344
008 080916e20080912enko f 000 0 eng d
035 _a(Sirsi) u145344
041 0 _aeng
100 1 _aWright, Emily
245 0 2 _aA plate glass window palace doesn't make a good school
260 _c2008
490 _aBuilding
_v273(8546) 12 September 2008, 46-48(3)
520 _aThe second in a series of six articles on school developments (see other articles under references L145210, L145345, L145349, L145354, L145360). Presents views of former chief inspector for schools on governmental programme Building Schools for the future. Suggests that more is needed to really address educational problems. Explains that headteachers and senior staff members should be more involved in the planning process.
590 _aKA
650 2 4 _aBUILDING SCHOOLS FOR THE FUTURE
651 4 _aEngland
_y886-
690 _aBUILT ENVIRONMENT-BUILDING TYPES-EDUCATIONAL, INFORMATION AND SCIENTIFIC FACILITIES
942 _n0
999 _c80786
_d80786